<?xml version="1.0" encoding="UTF-8"?>
<record
    xmlns:xsi="http://www.w3.org/2001/XMLSchema-instance"
    xsi:schemaLocation="http://www.loc.gov/MARC21/slim http://www.loc.gov/standards/marcxml/schema/MARC21slim.xsd"
    xmlns="http://www.loc.gov/MARC21/slim">

  <leader>03261njm a2200481Ia 4500</leader>
  <controlfield tag="001">C4535</controlfield>
  <controlfield tag="003">IT-RoPAU</controlfield>
  <controlfield tag="005">20220918181115.0</controlfield>
  <controlfield tag="008">131025s9999    xx            000 0 und d</controlfield>
  <datafield tag="040" ind1=" " ind2=" ">
    <subfield code="a">IT-RoPAU</subfield>
  </datafield>
  <datafield tag="040" ind1=" " ind2=" ">
    <subfield code="c">IT-RoPAU</subfield>
  </datafield>
  <datafield tag="999" ind1=" " ind2=" ">
    <subfield code="c">99326</subfield>
    <subfield code="d">99326</subfield>
  </datafield>
  <datafield tag="999" ind1=" " ind2=" ">
    <subfield code="b">n.d.</subfield>
  </datafield>
  <datafield tag="100" ind1=" " ind2=" ">
    <subfield code="a">AA.VV.</subfield>
    <subfield code="9">794</subfield>
  </datafield>
  <datafield tag="100" ind1=" " ind2=" ">
    <subfield code="e">Autore musica</subfield>
    <subfield code="9">30017</subfield>
  </datafield>
  <datafield tag="100" ind1=" " ind2=" ">
    <subfield code="g">Codice autore musica SPICS: 12000</subfield>
    <subfield code="9">796</subfield>
  </datafield>
  <datafield tag="245" ind1=" " ind2=" ">
    <subfield code="a">Gloryland Worldcup Usa 94</subfield>
  </datafield>
  <datafield tag="250" ind1=" " ind2=" ">
    <subfield code="a">1a ed.</subfield>
  </datafield>
  <datafield tag="260" ind1=" " ind2=" ">
    <subfield code="a">ITALIA</subfield>
  </datafield>
  <datafield tag="260" ind1=" " ind2=" ">
    <subfield code="b">POLYGRAM</subfield>
    <subfield code="c">1994 [1a Ed.:1994 - Ed. Lingua Orig.: 1994]</subfield>
  </datafield>
  <datafield tag="300" ind1=" " ind2=" ">
    <subfield code="a">COMPACT DISC</subfield>
  </datafield>
  <datafield tag="500" ind1=" " ind2=" ">
    <subfield code="a">Sigle delle varie Nazioni per i campionati mondiali di calcio del 1994.</subfield>
  </datafield>
  <datafield tag="505" ind1=" " ind2=" ">
    <subfield code="a">We Are the Champions (Queen) - Gloryland (Hall Daryl) - Goal, Goal, Goal (James) - Anthem [(Ol&#xE8;, Ol&#xE8;, Ol&#xE8;/Aida) (The Crowd)] - New Star (Tears For Fears) - This Is the Moment (The Moody Blues) - Blow By Blow (Fleetwood Mac) - Italia ancora [(Italy Once More) (Stelle Azzurre-Blue Stars)] - Blaze of Glory (Bon Jovi J.) - The Best (Turner Tina) - Rock 'n' roll '94 (Glitter Gary) - Celebration '94 (Kool &amp; The Gang) - No Pain, No Gain (Scorpions) - (Santana Carlos) - Luz, amor y vida (Santana Carlos) - Move On Up (Hall Daryl) - You'll Never Walk Alone (Marsden Gerry) - Gloryland [(Emotion Mix) (Davis Snake)]</subfield>
  </datafield>
  <datafield tag="650" ind1=" " ind2=" ">
    <subfield code="a">SIGLE MONDIALI [COMPACT DISC]</subfield>
    <subfield code="e">Codice MATERIA SPICS: 9949</subfield>
    <subfield code="9">30018</subfield>
  </datafield>
  <datafield tag="700" ind1=" " ind2=" ">
    <subfield code="a">Queen</subfield>
    <subfield code="d">Codice autore musica SPICS: 13224</subfield>
    <subfield code="e">Autore musica</subfield>
    <subfield code="p">We Are the Champions</subfield>
    <subfield code="9">30019</subfield>
  </datafield>
  <datafield tag="700" ind1=" " ind2=" ">
    <subfield code="a">Hall Daryl</subfield>
    <subfield code="d">Codice autore musica SPICS: 11410</subfield>
    <subfield code="e">Autore musica</subfield>
    <subfield code="p">Gloryland</subfield>
    <subfield code="9">30020</subfield>
  </datafield>
  <datafield tag="700" ind1=" " ind2=" ">
    <subfield code="a">James</subfield>
    <subfield code="d">Codice autore musica SPICS: 41251</subfield>
    <subfield code="e">Autore musica</subfield>
    <subfield code="p">Goal, Goal, Goal</subfield>
    <subfield code="9">30021</subfield>
  </datafield>
  <datafield tag="700" ind1=" " ind2=" ">
    <subfield code="a">The Crowd</subfield>
    <subfield code="d">Codice autore musica SPICS: 41252</subfield>
    <subfield code="e">Autore musica</subfield>
    <subfield code="p">Anthem (Ol&#xE8;, Ol&#xE8;, Ol&#xE8;/Aida)</subfield>
    <subfield code="9">30022</subfield>
  </datafield>
  <datafield tag="700" ind1=" " ind2=" ">
    <subfield code="a">Tears For Fears</subfield>
    <subfield code="d">Codice autore musica SPICS: 13288</subfield>
    <subfield code="e">Autore musica</subfield>
    <subfield code="p">New Star</subfield>
    <subfield code="9">30023</subfield>
  </datafield>
  <datafield tag="700" ind1=" " ind2=" ">
    <subfield code="a">The Moody Blues</subfield>
    <subfield code="d">Codice autore musica SPICS: 41253</subfield>
    <subfield code="e">Autore musica</subfield>
    <subfield code="p">This Is the Moment</subfield>
    <subfield code="9">30024</subfield>
  </datafield>
  <datafield tag="700" ind1=" " ind2=" ">
    <subfield code="a">Fleetwood Mac</subfield>
    <subfield code="d">Codice autore musica SPICS: 41254</subfield>
    <subfield code="e">Autore musica</subfield>
    <subfield code="p">Blow By Blow</subfield>
    <subfield code="9">30025</subfield>
  </datafield>
  <datafield tag="700" ind1=" " ind2=" ">
    <subfield code="a">Stelle Azzurre (Blue Stars)</subfield>
    <subfield code="d">Codice autore musica SPICS: 41255</subfield>
    <subfield code="e">Autore musica</subfield>
    <subfield code="p">Italia ancora (Italy Once More)</subfield>
    <subfield code="9">30026</subfield>
  </datafield>
  <datafield tag="700" ind1=" " ind2=" ">
    <subfield code="a">Bon Jovi J.</subfield>
    <subfield code="d">Codice autore musica SPICS: 23682</subfield>
    <subfield code="e">Autore musica</subfield>
    <subfield code="p">Blaze of Glory</subfield>
    <subfield code="9">30027</subfield>
  </datafield>
  <datafield tag="700" ind1=" " ind2=" ">
    <subfield code="a">Turner Tina</subfield>
    <subfield code="d">Codice autore musica SPICS: 13173</subfield>
    <subfield code="e">Autore musica</subfield>
    <subfield code="p">The Best</subfield>
    <subfield code="9">30028</subfield>
  </datafield>
  <datafield tag="700" ind1=" " ind2=" ">
    <subfield code="a">Glitter Gary</subfield>
    <subfield code="d">Codice autore musica SPICS: 41256</subfield>
    <subfield code="e">Autore musica</subfield>
    <subfield code="p">Rock 'n' roll '94</subfield>
    <subfield code="9">30029</subfield>
  </datafield>
  <datafield tag="700" ind1=" " ind2=" ">
    <subfield code="a">Celebration '94</subfield>
    <subfield code="d">Codice autore musica SPICS: 41257</subfield>
    <subfield code="e">Autore musica</subfield>
    <subfield code="p">Kool &amp; The Gang </subfield>
    <subfield code="9">30030</subfield>
  </datafield>
  <datafield tag="700" ind1=" " ind2=" ">
    <subfield code="a">Scorpions</subfield>
    <subfield code="d">Codice autore musica SPICS: 13223</subfield>
    <subfield code="e">Autore musica</subfield>
    <subfield code="p">No Pain, No Gain</subfield>
    <subfield code="9">30031</subfield>
  </datafield>
  <datafield tag="700" ind1=" " ind2=" ">
    <subfield code="a">Santana Carlos</subfield>
    <subfield code="d">Codice autore musica SPICS: 11139</subfield>
    <subfield code="e">Autore musica</subfield>
    <subfield code="p">Luz, amor y vida</subfield>
    <subfield code="9">30032</subfield>
  </datafield>
  <datafield tag="700" ind1=" " ind2=" ">
    <subfield code="a">Hall Daryl</subfield>
    <subfield code="d">Codice autore musica SPICS: 11410</subfield>
    <subfield code="e">Autore musica</subfield>
    <subfield code="p">Move On Up</subfield>
    <subfield code="9">30033</subfield>
  </datafield>
  <datafield tag="700" ind1=" " ind2=" ">
    <subfield code="a">Koelewijn Peter</subfield>
    <subfield code="d">Codice autore musica SPICS: 41258</subfield>
    <subfield code="e">Autore musica</subfield>
    <subfield code="p">You'll Never Walk Alone</subfield>
    <subfield code="9">30034</subfield>
  </datafield>
  <datafield tag="700" ind1=" " ind2=" ">
    <subfield code="a">Marsden Gerry</subfield>
    <subfield code="d">Codice autore SPICS: 41259</subfield>
    <subfield code="e">Autore</subfield>
    <subfield code="p">You'll Never Walk Alone</subfield>
    <subfield code="9">30035</subfield>
  </datafield>
  <datafield tag="700" ind1=" " ind2=" ">
    <subfield code="a">Davis Snake</subfield>
    <subfield code="d">Codice autore musica SPICS: 41260</subfield>
    <subfield code="e">Autore musica</subfield>
    <subfield code="p">Gloryland (Emotion Mix)</subfield>
    <subfield code="9">30036</subfield>
  </datafield>
  <datafield tag="942" ind1=" " ind2=" ">
    <subfield code="c">CD</subfield>
    <subfield code="2">ddc</subfield>
  </datafield>
  <datafield tag="952" ind1=" " ind2=" ">
    <subfield code="0">0</subfield>
    <subfield code="1">0</subfield>
    <subfield code="4">0</subfield>
    <subfield code="6">C_4535_000000000000000</subfield>
    <subfield code="7">1</subfield>
    <subfield code="a">SPICS</subfield>
    <subfield code="b">SPICS</subfield>
    <subfield code="d">2013-10-25</subfield>
    <subfield code="l">0</subfield>
    <subfield code="o">C4535</subfield>
    <subfield code="r">2013-10-25 00:00:00</subfield>
    <subfield code="w">2013-10-25</subfield>
    <subfield code="y">CD</subfield>
    <subfield code="z">Progr. Ins.: 1248 / N.Vol.: 1 / Copie: 1 - Copia rara: n.d. / date import: 01.01.2014 - By Epidotti, Trombetti, Vaglietti</subfield>
  </datafield>
</record>
